000 00732nam a2200229Ia 4500
003 GCL
008 140319s9999 xx 000 0 ara d
040 _aGCL /
_cGCL
082 0 4 _a616.857
_bا ص
100 1 _aسيد رمضان هدارة (مترجم)
245 1 0 _aالصداع النصفى /
_cسيد رمضان هدارة (مترجم)
700 1 _aكامبل، فنلاى
700 1 _aسيد رمضان هدارة (مراجع)
700 1 _aاحمد عبدالله احمد
260 _a[S.N] :
_bدار الشروق ،
_c1981
300 _a60 ص
490 _aدليل الجيب للصحة
_v0
650 0 4 _aالامراض
650 0 4 _aالوقاية
650 0 4 _aالصداع النصفى
942 _2ddc
_cBK
999 _c54797
_d54797